| 000 | 00810nam a2200277 i 4500 | ||
|---|---|---|---|
| 001 | 200464218 | ||
| 003 | TR-AnTOB | ||
| 005 | 20250414171606.0 | ||
| 007 | ta | ||
| 008 | 250414b tu a 000 0ctur d | ||
| 035 | _a(TR-AnTOB)200464218 | ||
| 040 |
_aTR-AnTOB _beng _erda _cTR-AnTOB |
||
| 041 | 0 | _atur | |
| 050 | 4 |
_aCT1906 _b.Y89 |
|
| 090 |
_aREF CT1906 _b.Y89 |
||
| 245 | 0 | 0 | _a100 ünlü Türk. |
| 246 | 0 | 3 | _aYüz ünlü Türk |
| 264 | 1 |
_aİstanbul : _bHürriyet, _c[date of publication not identified] |
|
| 300 |
_a1 volume (unnumbered pages) : _bcolor illustrations ; _c27 cm |
||
| 336 |
_atext _btxt _2rdacontent |
||
| 337 |
_aunmediated _bn _2rdamedia |
||
| 338 |
_avolume _bnc _2rdacarrier |
||
| 650 | 7 |
_aTürkler _vBiyografi _2etuturkob _9148513 |
|
| 942 |
_2lcc _cBK |
||
| 999 |
_c200464218 _d82430 |
||